| 000 | 00950cam a2200241 4500 | ||
|---|---|---|---|
| 001 | WS115330 | ||
| 008 | 011025n 000 0 eng u | ||
| 035 | _a(Sirsi) u115330 | ||
| 110 |
_aBoard of Quantity Surveyors Malaysia _94162 |
||
| 245 | _aBoard of Quantity Surveyors Malaysia | ||
| 520 | _aWeb site for this statutory body responsible for the registration and regulation of quantity surveyors in Malaysia. Includes a list of members, details on course accreditation, a list of qualifications and details of the calculation of fees. | ||
| 650 | _aREGISTRATION OF QUANTITY SURVEYORS ACT 1967 | ||
| 650 | _aORGANISATION | ||
| 650 | _aMALAYSIA | ||
| 650 | _aINTERNATIONAL | ||
| 650 | _aQUANTITY SURVEYORS | ||
| 650 | _aACCREDITED COURSES | ||
| 650 | _aFEES | ||
| 650 | _aQUALIFICATIONS | ||
| 690 | _aBUILT ENVIRONMENT | ||
| 856 | 4 | 0 |
_uhttps://www.jkr.gov.my/ljbm _zView the website free of charge at www.jkr.gov.my/ljbm... |
| 942 | _n0 | ||
| 999 |
_c119938 _d119938 |
||